[Event "LSS RB-2008-0-00031"]
[Site "LSS email"]
[Date "2008.11.02"]
[Round "?"]
[White "Silva"]
[Black "Mendieta Aibar, Pedro"]
[Result "0-1"]
[WhiteElo "1967"]
[BlackElo "1984"]
[PlyCount "33"]
[EventDate "2008.10.16"]
[EventType "tourn (corr)"]
[EventRounds "6"]
[EventCountry "GER"]
[SourceTitle "Corr 2013"]
[Source "ChessBase"]
[SourceDate "2012.11.12"]
[SourceVersion "1"]
[SourceVersionDate "2012.11.12"]
[SourceQuality "1"]

1. Nf3 d5 2. d4 Nf6 3. g3 c6 4. Bg2 g6 5. 0-0 Bg7 6. Nc3 0-0 7. Bf4 Bf5 8. h3 Nbd7 9. g4 Be4 10. Qd2 Qb6 11. Rfe1 Rac8 12. Rab1 c5 13. Be3 Qa6 14. Rbd1 cxd4 15. Bxd4 h6 16. Nxe4 Nxe4 17. Qc3 0-1

[Event "LSS ZI-2008-0-00308"]
[Site "LSS email"]
[Date "2008.11.01"]
[Round "?"]
[White "Jenneborg, Seved"]
[Black "Mendieta Aibar, Pedro"]
[Result "0-1"]
[WhiteElo "1610"]
[BlackElo "1993"]
[PlyCount "112"]
[EventDate "2008.10.31"]
[EventType "match (corr)"]
[EventRounds "2"]
[EventCountry "GER"]
[SourceTitle "Corr 2011"]
[Source "ChessBase"]
[SourceDate "2010.08.31"]
[SourceVersion "1"]
[SourceVersionDate "2010.08.31"]
[SourceQuality "1"]

1. e4 c5 2. c3 Nf6 3. e5 Nd5 4. d4 cxd4 5. cxd4 d6 6. Nf3 Nc6 7. Nc3 dxe5 8. dxe5 Be6 9. Nb5 g6 10. Nbd4 Bg7 11. Bb5 Bd7 12. Nxc6 bxc6 13. Bc4 0-0 14. 0-0 Qc7 15. Qd4 Nb6 16. Bb3 c5 17. Qc3 Rac8 18. Bg5 Bg4 19. Rae1 Bxf3 20. Qxf3 c4 21. Bc2 Bxe5 22. Qh3 e6 23. b3 Bf4 24. Bxf4 Qxf4 25. Rd1 c3 26. Rfe1 Qc7 27. Bd3 c2 28. Rc1 Qc3 29. Bxc2 Qb2 30. Qd3 Rfd8 31. Qe2 Rd7 32. a4 Rdc7 33. a5 Rxc2 34. Rxc2 Rxc2 35. Qe3 Nd5 36. Qxa7 Rc1 37. Kf1 Rxe1+ 38. Kxe1 Qc1+ 39. Ke2 Qc2+ 40. Ke1 Qe4+ 41. Kd2 Qb4+ 42. Ke2 Nf4+ 43. Kf3 f5 44. Qa8+ Kf7 45. Qc6 g5 46. Qc2 g4+ 47. Ke3 Kf6 48. Qc6 Qxa5 49. b4 Qxb4 50. h3 Qe1+ 51. Kd4 Qxf2+ 52. Kc3 Nd5+ 53. Kb3 Qg3+ 54. Ka4 Qxg2 55. hxg4 Qa2+ 56. Kb5 Qb3+ 0-1

[Event "LSS RB-2008-0-00031"]
[Site "LSS email"]
[Date "2008.11.01"]
[Round "?"]
[White "Mendieta Aibar, Pedro"]
[Black "Marculescu, Gheorghe"]
[Result "1-0"]
[WhiteElo "1984"]
[BlackElo "1833"]
[PlyCount "68"]
[EventDate "2008.10.16"]
[EventType "tourn (corr)"]
[EventRounds "6"]
[EventCountry "GER"]
[SourceTitle "Corr 2013"]
[Source "ChessBase"]
[SourceDate "2012.11.12"]
[SourceVersion "1"]
[SourceVersionDate "2012.11.12"]
[SourceQuality "1"]

1. e4 e5 2. Nf3 Nc6 3. d4 exd4 4. Nxd4 Bc5 5. Nb3 Bb4+ 6. Nc3 Nf6 7. Bd3 0-0 8. 0-0 h6 9. f4 Bxc3 10. bxc3 d6 11. Rb1 Re8 12. Qf3 Qe7 13. Re1 b6 14. e5 Bd7 15. Ba3 Ng4 16. e6 Bxe6 17. h3 Qd7 18. Bb5 Nce5 19. Bxd7 Nxf3+ 20. gxf3 Bxd7 21. hxg4 f5 22. g5 Kf7 23. gxh6 gxh6 24. Kf2 Rxe1 25. Rxe1 b5 26. Na5 Rb8 27. c4 bxc4 28. Nxc4 Be6 29. Na5 Rb6 30. c4 c5 31. Bc1 Rb1 32. Ke3 h5 33. Kd3 d5 34. Nc6 dxc4+ 1-0

[Event "LSS RB-2008-0-00031"]
[Site "LSS email"]
[Date "2008.11.01"]
[Round "?"]
[White "Mendieta Aibar, Pedro"]
[Black "Pott, Brian"]
[Result "1-0"]
[WhiteElo "1984"]
[BlackElo "1928"]
[PlyCount "65"]
[EventDate "2008.10.16"]
[EventType "tourn (corr)"]
[EventRounds "6"]
[EventCountry "GER"]
[SourceTitle "Corr 2013"]
[Source "ChessBase"]
[SourceDate "2012.11.12"]
[SourceVersion "1"]
[SourceVersionDate "2012.11.12"]
[SourceQuality "1"]

1. c4 Nf6 2. Nc3 g6 3. e4 d6 4. d4 Bg7 5. f4 0-0 6. Nf3 c5 7. d5 e6 8. dxe6 fxe6 9. Bd3 Nc6 10. 0-0 Nd4 11. Bd2 Nh5 12. Ng5 h6 13. Nh3 e5 14. f5 Nf6 15. Qe1 gxf5 16. exf5 a6 17. Qg3 e4 18. Bxh6 Nh5 19. Qg6 Rf6 20. Qg5 exd3 21. Bxg7 Nxg7 22. Nd5 Bxf5 23. Qxf6 Qxf6 24. Nxf6+ Kf7 25. Nd5 Rh8 26. Rad1 Ne2+ 27. Kh1 Ke8 28. Rf3 Rh4 29. Ng5 Rxc4 30. Re3+ Kf8 31. Re7 Rc1 32. Rf7+ Ke8 33. Rxc1 1-0

[Event "LSS RB-2008-0-00031"]
[Site "LSS email"]
[Date "2008.11.01"]
[Round "?"]
[White "Mendieta Aibar, Pedro"]
[Black "Sheppard, Barry S"]
[Result "1/2-1/2"]
[WhiteElo "1984"]
[BlackElo "1988"]
[PlyCount "22"]
[EventDate "2008.10.16"]
[EventType "tourn (corr)"]
[EventRounds "6"]
[EventCountry "GER"]
[SourceTitle "Corr 2013"]
[Source "ChessBase"]
[SourceDate "2012.11.12"]
[SourceVersion "1"]
[SourceVersionDate "2012.11.12"]
[SourceQuality "1"]

1. c4 e5 2. Nc3 Nc6 3. g3 f5 4. Bh3 Bc5 5. Bxf5 Qf6 6. g4 Nd4 7. Nf3 Nxf3+ 8. exf3 Ne7 9. Be4 Qh4 10. Qe2 0-0 11. 0-0 h5 1/2-1/2

[Event "LSS RA-2008-0-00022"]
[Site "LSS email"]
[Date "2008.09.02"]
[Round "?"]
[White "Mendieta Aibar, Pedro"]
[Black "Pintonello, Gilberto"]
[Result "1/2-1/2"]
[WhiteElo "2104"]
[BlackElo "2018"]
[PlyCount "45"]
[EventDate "2008.08.29"]
[EventType "tourn (corr)"]
[EventRounds "6"]
[EventCountry "GER"]
[SourceTitle "Corr 2013"]
[Source "ChessBase"]
[SourceDate "2012.11.12"]
[SourceVersion "1"]
[SourceVersionDate "2012.11.12"]
[SourceQuality "1"]

1. e4 e5 2. Nf3 Nc6 3. Bb5 Nf6 4. Qe2 d6 5. 0-0 Bd7 6. c3 a6 7. Ba4 g6 8. h3 Bg7 9. d4 exd4 10. Bxc6 Bxc6 11. Nxd4 0-0 12. Nxc6 bxc6 13. Bg5 Qb8 14. Qc2 Qb5 15. Bxf6 Bxf6 16. a4 Qb6 17. Nd2 Rfe8 18. Rfe1 Re6 19. Nc4 Qa7 20. Na5 d5 21. exd5 cxd5 22. Rxe6 fxe6 23. Re1 1/2-1/2

[Event "LSS SB-2008-0-00023"]
[Site "LSS email"]
[Date "2008.08.19"]
[Round "?"]
[White "Kuhn, Christian Helmut"]
[Black "Mendieta Aibar, Pedro"]
[Result "1/2-1/2"]
[WhiteElo "1849"]
[BlackElo "1941"]
[PlyCount "85"]
[EventDate "2008.08.17"]
[EventType "tourn (corr)"]
[EventRounds "6"]
[EventCountry "GER"]
[SourceTitle "Corr 2011"]
[Source "ChessBase"]
[SourceDate "2010.08.31"]
[SourceVersion "1"]
[SourceVersionDate "2010.08.31"]
[SourceQuality "1"]

1. c4 Nf6 2. g3 g6 3. Bg2 Bg7 4. Nc3 d6 5. d3 0-0 6. a3 c5 7. Rb1 a5 8. Nf3 Nc6 9. 0-0 Bf5 10. Bg5 h6 11. Bd2 Qd7 12. Qc2 Bh3 13. Nd5 Bxg2 14. Kxg2 Nxd5 15. cxd5 Nd4 16. Nxd4 cxd4 17. Rfc1 Rac8 18. Qb3 a4 19. Qb6 Rc5 20. b3 Rxd5 21. bxa4 Rh5 22. h4 Qe6 23. e4 dxe3 24. Qxe3 Qa2 25. Rb5 Rxb5 26. axb5 Qd5+ 27. Qf3 Qxb5 28. Rc7 Re8 29. Rxb7 Qa6 30. Bc1 Kf8 31. Rc7 Qa8 32. Rc4 Qxf3+ 33. Kxf3 Ra8 34. a4 f5 35. Bd2 Kf7 36. a5 h5 37. Ra4 Ra6 38. Be3 e5 39. Bb6 d5 40. Ra2 Bf8 41. d4 e4+ 42. Ke2 Bb4 43. Ke3 1/2-1/2

[Event "LSS SB-2008-0-00023"]
[Site "LSS email"]
[Date "2008.08.19"]
[Round "?"]
[White "Mendieta Aibar, Pedro"]
[Black "Bartsch, Christian"]
[Result "1-0"]
[WhiteElo "2104"]
[BlackElo "1871"]
[PlyCount "47"]
[EventDate "2008.08.17"]
[EventType "tourn (corr)"]
[EventRounds "6"]
[EventCountry "GER"]
[SourceTitle "Corr 2013"]
[Source "ChessBase"]
[SourceDate "2012.11.12"]
[SourceVersion "1"]
[SourceVersionDate "2012.11.12"]
[SourceQuality "1"]
[WhiteTeam "US of America"]
[BlackTeam "US of America"]
[WhiteTeamCountry "USA"]
[BlackTeamCountry "USA"]

1. e4 d6 2. d3 c5 3. Nf3 Nc6 4. g3 Nf6 5. Bg2 g6 6. 0-0 Bg7 7. Re1 0-0 8. a4 Bg4 9. Nbd2 Qd7 10. Nc4 Nh5 11. c3 Bh3 12. Bxh3 Qxh3 13. Qb3 Rab8 14. Be3 h6 15. d4 cxd4 16. cxd4 g5 17. d5 g4 18. Nh4 Nd4 19. Qd1 Rfc8 20. Bxd4 Rxc4 21. Bxa7 Rbc8 22. Nf5 Kf8 23. Qd2 Be5 24. Be3 1-0